000
00210nam a22000857a 4500
008
170614b xxu||||| |||| 00| 0 eng d
100
_9
3421
_a
Gupta. A. D
245
_a
Math Steps class- 5
260
_a
Patna
_b
B. B
_c
2010
999
_c
6788
_d
6788